Твори в шести томах (Запис № 459009)

МАРК-запис
000 -Лідер
fixed length control field 00689nam a22002297a 4500
001 - Контрольний номер
control field 216216977
003 - Ідентифікатор контрольного номера
control field UA-OsUOA
005 - Дата та час останнього входження (трансакції)
control field 20220824150613.0
008 - Елементи даних фіксованої довжини – загальна інформація
fixed length control field 200428b un ||||| |||| 00| 0 ukr d
040 ## - Джерело каталогізації
Агенція оригінальної каталогізації UA-OsUOA
Мова каталогізації ukr
Агенція, яка здійснювала перезапис UA-OsUOA
Агенція, яка здійснювала модифікацію UA-OsUOA
041 ## - Код мови
Код мови тексту/ звукової доріжки чи окремого заголовка (П) ukr
080 ## - Індекс Універсальної десяткової класифікації
Індекс Універсальної десяткової класифікації (УДК) (НП) 821.161.2
090 ## - Локальний шифр розміщення
Класифікаційний індекс УДК 821.161.2
Авторський знак (НП) С79
100 ## - Основне введення – ім’я особи
Ім’я особи (НП) Стельмах М.
245 ## - Відомості про назву
Назва (НП) Твори в шести томах
Дані про відповідальність (НП) Михайло Стельмах
300 ## - Фізичний опис
Обсяг 509 с.
505 ## - Форматована примітка про зміст
Змішана інформація Т. 6
Назва Поезії
650 ## - Додаткове предметне введення – тематичний термін
Джерело заголовка чи терміна 821
942 ## - Додаткові елементи входу (Коха)
Source of classification or shelving scheme Universal Decimal Classification
Тип елемента Koha Книги
955 ## - Код типу видання за змістом
Код типу видання за змістом (НП) Літературно-художні видання
Фонди
Стан вилучень Стан втрат Джерело класифікації або схеми стелажів Стан уражень Не для кредиту Постійне місце розташування Поточне розміщення Дата придбання Послідовне перерахування / хронологія Інвентарний номер Повний номер виклику Штрих-код Дата останнього перегляду Ціна ефективна від Тип елемента Koha
Withdrawn   Universal Decimal Classification     АБ - Абонемент НБ АБ - Абонемент НБ 28/04/2010 Т. 2 47285 821.161.2 С79 47285 28/04/2020 28/04/2020 Книги
    Universal Decimal Classification     АБ - Абонемент НБ АБ - Абонемент НБ 28/04/2010 Т. 2 47258 821.161.2 С79 47258 29/06/2022 28/04/2020 Книги